[Event "Hessen-chB"]
[Site "Marburg"]
[Date "2006.04.13"]
[Round "1.25"]
[White "Breitwieser, Peter"]
[Black "Stoehr, Alexander"]
[Result "1-0"]
[WhiteElo "1898"]
[BlackElo "1341"]
[PlyCount "81"]
[EventDate "2006.04.13"]
[EventType "swiss"]
[EventRounds "7"]
[EventCountry "GER"]
[SourceTitle "EXT 2007"]
[Source "ChessBase"]
[SourceDate "2006.11.23"]
[SourceVersion "1"]
[SourceVersionDate "2006.11.23"]
[SourceQuality "1"]

1. e4 c5 2. Nf3 a6 3. d4 cxd4 4. Nxd4 Nf6 5. Nc3 e5 6. Nf3 Bb4 7. Bd2 d5 8. Nxd5 Bxd2+ 9. Nxd2 Nxd5 10. exd5 Qxd5 11. Bd3 Nc6 12. Be4 Qe6 13. 0-0 0-0 14. Qh5 f5 15. Bd3 Qf7 16. Qxf7+ Kxf7 17. c3 Be6 18. Bc2 Rad8 19. Nb3 b6 20. a4 Bxb3 21. Bxb3+ Kf6 22. Bc4 a5 23. Bb5 Ne7 24. Rfd1 Ng6 25. Kf1 Nf4 26. g3 Ne6 27. b4 axb4 28. cxb4 Nd4 29. Bc4 Nc2 30. Rab1 Rd4 31. Rxd4 Nxd4 32. a5 bxa5 33. bxa5 Nf3 34. Ke2 e4 35. a6 Ra8 36. Ke3 Ke5 37. Rb5+ Kf6 38. Rb6+ Ke7 39. Rb7+ Kf6 40. Rb6+ Ke5 41. Re6# 1-0

[Event "Hessen-chB"]
[Site "Marburg"]
[Date "2006.04.13"]
[Round "3.30"]
[White "Struth, Juergen"]
[Black "Stoehr, Alexander"]
[Result "1-0"]
[WhiteElo "1642"]
[BlackElo "1341"]
[PlyCount "42"]
[EventDate "2006.04.13"]
[EventType "swiss"]
[EventRounds "7"]
[EventCountry "GER"]
[SourceTitle "EXT 2007"]
[Source "ChessBase"]
[SourceDate "2006.11.23"]
[SourceVersion "1"]
[SourceVersionDate "2006.11.23"]
[SourceQuality "1"]

1. e4 c5 2. d4 cxd4 3. c3 dxc3 4. Nxc3 g6 5. Nf3 Bg7 6. Bc4 d6 7. Qe2 Bg4 8. h3 Bxf3 9. Qxf3 Nf6 10. 0-0 Nc6 11. Rd1 0-0 12. Qe2 Nd7 13. Be3 Rc8 14. Rac1 a6 15. a3 Rc7 16. f4 b5 17. Ba2 Qb8 18. Nd5 Rcc8 19. Rxc6 Rxc6 20. Nxe7+ Kh8 21. Nxc6 Qe8 1-0